000 00341nam a2200157Ia 4500
100 _aMahajan/M.S
650 _aMetrology
942 _cBK
366 _f14
654 _ametrology
245 _aMetrology and quality control
260 _bDhanpat Rai & Sons
_c2015
082 _a620
_bMAH
300 _a368
546 _aENGLISH
_cInfo.Tech
999 _c25569
_d25569